000
00216 a2200097 4500
001
49614
100
_a
Montherlant
245
_a
Selected Essays
260
_a
London
_b
Weidenfeld & Nicolson
_c
090
_c
32133
_d
32133
942
_a
NUST-CAE
_c
M
_c
24596
999
_c
284687
_d
284687